[Event "Maresme op 16th"]
[Site "Maresme"]
[Date "2019.10.26"]
[Round "4"]
[White "Lopez Miravet, Eric"]
[Black "Garcia Pitarch, Raul"]
[Result "1-0"]
[WhiteElo "1068"]
[BlackElo "1324"]
[PlyCount "33"]
[EventDate "2019.09.29"]
[EventType "swiss"]
[EventRounds "8"]
[EventCountry "ESP"]
[SourceTitle "CBM 193 Extra"]
[Source "ChessBase"]
[SourceDate "2020.01.31"]
[SourceVersion "1"]
[SourceVersionDate "2020.01.31"]
[SourceQuality "1"]

1. e4 c5 2. Nf3 Nc6 3. Bb5 Qc7 4. 0-0 Nf6 5. Nc3 a6 6. Bxc6 bxc6 7. e5 Nd5 8. Ne4 e6 9. a3 Nf4 10. d4 Ng6 11. dxc5 Nxe5 12. Bf4 Nxf3+ 13. Qxf3 e5 14. Rfe1 Be7 15. Bxe5 Qd8 16. Nd6+ Bxd6 17. Bxd6+ 1-0

[Event "Maresme op 16th"]
[Site "Maresme"]
[Date "2019.10.19"]
[Round "3"]
[White "Carre Rodriguez, Rafael"]
[Black "Lopez Miravet, Eric"]
[Result "1-0"]
[WhiteElo "1361"]
[BlackElo "1068"]
[PlyCount "107"]
[EventDate "2019.09.29"]
[EventType "swiss"]
[EventRounds "8"]
[EventCountry "ESP"]
[SourceTitle "CBM 193 Extra"]
[Source "ChessBase"]
[SourceDate "2020.01.31"]
[SourceVersion "1"]
[SourceVersionDate "2020.01.31"]
[SourceQuality "1"]

1. d4 Nf6 2. c4 c5 3. d5 b5 4. b3 bxc4 5. bxc4 d6 6. Nc3 g6 7. e4 Bg7 8. Rb1 0-0 9. Nf3 Nbd7 10. Be2 Nb6 11. h3 Ba6 12. Nd2 Nfd7 13. Na4 Ne5 14. Nxb6 axb6 15. f4 Nd7 16. 0-0 Bb7 17. Qc2 e6 18. Bb2 Rxa2 19. Qb3 Bd4+ 20. Kh1 Qa8 21. Nf3 Bxb2 22. Rxb2 Ra3 23. Qb5 Rd8 24. Rbb1 Ba6 25. Qb2 Bb7 26. Ra1 Ra5 27. Ng5 exd5 28. cxd5 h6 29. Nf3 Rc8 30. Bb5 Rd8 31. Bxd7 Rxd7 32. Qf6 Ba6 33. Rxa5 bxa5 34. Ra1 Bb7 35. g4 c4 36. g5 h5 37. Nh4 Bxd5 38. exd5 Qxd5+ 39. Kh2 Qc5 40. Nxg6 fxg6 41. Qxg6+ Rg7 42. Qe8+ Kh7 43. Qxh5+ Kg8 44. Qe8+ Kh7 45. Qe4+ Kg8 46. g6 d5 47. Qe6+ Kh8 48. Re1 Qf2+ 49. Kh1 Rxg6 50. Qe5+ Rg7 51. Qe8+ Rg8 52. Qh5+ Kg7 53. Re7+ Kf6 54. Qf7# 1-0

[Event "Maresme op 16th"]
[Site "Maresme"]
[Date "2019.09.29"]
[Round "1"]
[White "Hernandez Bermudez, Alberto"]
[Black "Lopez Miravet, Eric"]
[Result "1-0"]
[WhiteElo "1646"]
[BlackElo "1068"]
[PlyCount "65"]
[EventDate "2019.09.29"]
[EventType "swiss"]
[EventRounds "8"]
[EventCountry "ESP"]
[SourceTitle "CBM 193 Extra"]
[Source "ChessBase"]
[SourceDate "2020.01.31"]
[SourceVersion "1"]
[SourceVersionDate "2020.01.31"]
[SourceQuality "1"]

1. e4 c5 2. b3 d6 3. Bb2 Nc6 4. Bb5 Bd7 5. Nf3 Nf6 6. Nc3 a6 7. Be2 e6 8. 0-0 Be7 9. Re1 b5 10. d3 b4 11. Nb1 0-0 12. Nbd2 d5 13. e5 Ne8 14. d4 Nc7 15. Nf1 a5 16. Ng3 Bc8 17. a4 Ba6 18. Bxa6 Nxa6 19. Qe2 f6 20. exf6 Rxf6 21. dxc5 Rg6 22. Nh5 Nxc5 23. Nd4 Nxd4 24. Bxd4 Qf8 25. Rad1 Ne4 26. Rd3 Qe8 27. Ng3 Nc3 28. Qe5 Rd8 29. Nf5 Rg5 30. Qxe6+ Kf8 31. Qxe7+ Qxe7 32. Nxe7 Re8 33. Rf3+ 1-0